Manual de teoría y práctica para flauta dulce (Record no. 7937)

MARC details
000 -LEADER
campo de control de longitud fija 00337nam a2200133Ia 4500
001 - NÚMERO DE CONTROL
campo de control 4061
008 - DATOS DE LONGITUD FIJA--INFORMACIÓN GENERAL
campo de control de longitud fija 241024s9999 xx 000 0 und d
082 ## - NÚMERO DE LA CLASIFICACIÓN DECIMAL DEWEY
Número de clasificación RD/788/N973m/2015
100 ## - ENTRADA PRINCIPAL--NOMBRE DE PERSONA
Nombre de persona Ana Nuñez
245 #0 - MENCIÓN DEL TÍTULO
Título Manual de teoría y práctica para flauta dulce
260 ## - PUBLICACIÓN, DISTRIBUCIÓN, ETC.
Nombre del editor, distribuidor, etc. FUNANAT
Fecha de publicación, distribución, etc. 2015
901 ## - ELEMENTOS DE DATOS A LOCAL LDA (RLIN)
a 3/3/2016 1:42:09 p.m.

No items available.

© 2024. Todos los Derechos Reservados. Desarrollado por IDEICE